A new book of sense and nonsense / (Record no. 85128)
[ view plain ]
| 000 -LEADER | |
|---|---|
| fixed length control field | 00758cam a22002411i 4500 |
| 001 - CONTROL NUMBER | |
| control field | 85128) |
| 003 - CONTROL NUMBER IDENTIFIER | |
| rucl marc code | BD-RjUL |
| 005 - DATE AND TIME OF LATEST TRANSACTION | |
| control field | 20250705182528.0 |
| 008 - FIXED-LENGTH DATA ELEMENTS--GENERAL INFORMATION | |
| fixed length control field | 801023q19301939enka 000 0 eng |
| 035 ## - SYSTEM CONTROL NUMBER | |
| System control number | (BD-RjUL)85128) |
| 040 ## - CATALOGING SOURCE | |
| Original cataloging agency | DLC |
| Transcribing agency | MoSpDC |
| Modifying agency | OCoLC |
| -- | TxCM |
| -- | DLC |
| Language of cataloging | eng |
| 041 ## - LANGUAGE CODE | |
| Language code of text/sound track or separate title | eng |
| 082 ## - DEWEY DECIMAL CLASSIFICATION NUMBER | |
| Edition number | 21 |
| Classification number | 827 |
| Author mark and year | NEW 1939 |
| 100 1# - MAIN ENTRY--PERSONAL NAME | |
| Personal name | Rhys, Ernest, |
| Dates associated with a name | 1859-1946, |
| Relator term | ed. |
| 9 (RLIN) | 15902 |
| 245 12 - TITLE STATEMENT | |
| Title | A new book of sense and nonsense / |
| Statement of responsibility, etc. | edited by Ernest Rhys. |
| 260 ## - PUBLICATION, DISTRIBUTION, ETC. (IMPRINT) | |
| Place of publication, distribution, etc. | London ; |
| -- | Toronto : |
| Name of publisher, distributor, etc. | Dent ; |
| Place of publication, distribution, etc. | New York : |
| Name of publisher, distributor, etc. | Dutton |
| Date of publication, distribution, etc. | 1939 |
| 300 ## - PHYSICAL DESCRIPTION | |
| Pagination | xiv, 298 p. : |
| Illustrations | illus. ; |
| Size | 18 cm. |
| 490 0# - SERIES STATEMENT | |
| Series statement | Everyman's library. Belles lettres. [no. 813] |
| 500 ## - GENERAL NOTE | |
| General note | Verse and prose. |
| 650 #0 - SUBJECT ADDED ENTRY--TOPICAL TERM | |
| Topical term or geographic name as entry element | English wit and humor. |
| Topical term or geographic name as entry element | Nonsense verses. |
| 9 (RLIN) | 15903 |
| 942 ## - ADDED ENTRY ELEMENTS (KOHA) | |
| Source of classification or shelving scheme | Dewey Decimal Classification |
| Koha item type | Books |
| Lost status | Source of classification or shelving scheme | Damaged status | Not for loan | Collection code | Permanent Location | Current Location | Shelving location | Date acquired | Source of acquisition | Cost, normal purchase price | Total Checkouts | Full call number | Date last seen | Copy number | Koha item type |
|---|---|---|---|---|---|---|---|---|---|---|---|---|---|---|---|
| Dewey Decimal Classification | Not For Loan | Non-fiction | Central Library, University of Rajshahi | Central Library, University of Rajshahi | Reading Room | 24/09/1955 | B.H. blackwood | 35.00 | 827 NEW 1939 | 05/07/2025 | C-1 | Books |